Escharum’s Speech from Halo: Infinite - Statistics

General Stats
  • This quiz has been taken 21 times
  • The average score is 44 of 107
Answer Stats
Word % Correct
I
92%
The
92%
You
92%
A
83%
Ring
75%
Spartan.
75%
We
75%
Banished
67%
In
67%
Our
67%
Your
67%
To
58%
Will
58%
And
50%
Atriox.
50%
Die
50%
Fight
50%
Fight.
50%
Fire
50%
Heart,
50%
Of
50%
Bear
42%
Fangs.
42%
Hard.
42%
Is
42%
Last
42%
Legend,
42%
My
42%
Now
42%
This
42%
UNSC
42%
Well.
42%
Set
33%
Test
33%
Us
33%
War
33%
Ago.
25%
Alone.
25%
Are
25%
Both.
25%
But
25%
But,
25%
By
25%
Control.
25%
Could
25%
Here
25%
It
25%
Lost
25%
Lost,
25%
Me.
25%
Months
25%
One
25%
Outlive
25%
Stand.
25%
Story,
25%
True
25%
Under
25%
Was
25%
Already
17%
Always.
17%
As
17%
Challenge
17%
Difficult,
17%
Goal.
17%
Grew
17%
Harbinger
17%
Same
17%
Scattered,
17%
Tell
17%
Together
17%
Wasn’t.
17%
Weary,
17%
Wish
17%
Without
17%
Ahead.
8%
Auditorium
8%
Broken,
8%
Defeated,
8%
Honour
8%
Hunted,
8%
People
8%
Share
8%
Soon,
8%
Step
8%
No matching quizzes found
Score Distribution
Percent of People with Each Score
Percentile by Number Answered
Your Score History
You have not taken this quiz